Geography Quiz

Random Geography or State Quiz

States That Border Colorado Quiz Stats

 Plays Quiz Updated Sep 13, 2017

Score 0/7 Timer 01:00
6 Plays Today
State % Correct
Utah
94.9%
New Mexico
91.2%
Wyoming
90.1%
Arizona
89.8%
Kansas
85.5%
Nebraska
85.1%
Oklahoma
80%

You're not logged in!

Compare scores with friends on all Sporcle quizzes.
OR
Log In

You Might Also Like...

Show Comments

Extras

Top Quizzes Today


Score Distribution

Your Account Isn't Verified!

In order to create a playlist on Sporcle, you need to verify the email address you used during registration. Go to your Sporcle Settings to finish the process.

Report this User

Report this user for behavior that violates our Community Guidelines.

Details: